000 00438nam a2200181Ia 4500
001 9840
005 20260306161748.0
008 260306t2003||||xx |||||||||||||| ||spa||
041 _aESP
082 _a468
_bC29
100 _aChávez Pérez, Fidel
_eAUT
245 0 _aRedacción avanzada:
_bUn enfoque linguistico
260 _c2003
300 _a342 páginas :
_c27 cm.
650 _aGEN
654 _aCHU
942 _cLIB
_dJUS
_fJUS
_2ddc
_n
999 _c9840
_d9840